Heroes from Hero Wars - Statistics

General Stats
  • This quiz has been taken 33 times
  • The average score is 27 of 61
Answer Stats
Role Main Stat Answer % Correct
Tank/Warrior Strength Galahad
92%
Support/Healer Intelligence Thea
85%
Marksman Agility Artemis
77%
Tank/Support Strength Astaroth
77%
Tank/Control Strength Chabba
69%
Support/Healer Intelligence Martha
69%
Mage/Healer Intelligence Maya
69%
Mage/Control Intelligence Phobos
69%
Tank Strength Aurora
62%
Tank/Control Strength Cleaver
62%
Marksman Agility Dante
62%
Mage/Support Intelligence Mojo
62%
Support/Healer Intelligence Morrigan
62%
Warrior Agility Yasmine
62%
Mage/Healer Intelligence Celeste
54%
Tank Strength Corvus
54%
Mage/Control Intelligence Lars
54%
Support/Healer Agility Nebula
54%
Support Agility Sebastian
54%
Mage/Support Intelligence Amira
46%
Warrior/Control Agility Arachne
46%
Marksman/Warrior Agility Astrid and Lucas
46%
Marksman Agility Ginger
46%
Mage Intelligence Heidi
46%
Mage Intelligence Iris
46%
Mage/Control/Support Intelligence Judge
46%
Mage Intelligence Krista
46%
Warrior Agility Qing Mao
46%
Tank Strength Ziri
46%
Mage/Support Intelligence Cornelius
38%
Marksman Agility Daredevil
38%
Marksman/Control Agility Dark Star
38%
Healer/Support Intelligence Dorian
38%
Warrior/Marksman Agility Elmir
38%
MageControl Intelligence Faceless
38%
Support/Control Strength Fafnir
38%
Marksman Agility Fox
38%
Support/Mage Intelligence Helios
38%
Support/Control Agility Isaac
38%
Tank Strength Julius
38%
Mage/Control Intelligence Lian
38%
Mage/Control Intelligence Lilith
38%
Tank/Control Strength Luther
38%
Mage Intelligence Orion
38%
Support/Control Strength Andvari
31%
Warrior Agility Ishmael
31%
Support/Healer Intelligence Jet
31%
Mage Intelligence Kai
31%
Marksman Agility Keira
31%
Tank Strength Mushy and Shroom
31%
Tank Strength Rufus
31%
Healer/Mage Intelligence Aidan
23%
Mage/Support Intelligence Alvanor
23%
Marksman Strength Jhu
23%
Support/Control Strength Jorgen
23%
Warrior Agility K'arkh
23%
Warrior Agility Kayla
23%
Healer/Support Intelligence Markus
23%
Mage Intelligence Satori
23%
Support/Mage Intelligence Peppy
15%
Warrior Strength Tristan
15%
No matching quizzes found
Score Distribution
Percent of People with Each Score
Percentile by Number Answered
Your Score History
You have not taken this quiz